[Event "Paracin op 16th"]
[Site "Paracin"]
[Date "2023.07.10"]
[Round "4"]
[White "Nikolic, Zoran S"]
[Black "Perunovic, Miodrag"]
[Result "1/2-1/2"]
[WhiteElo "2087"]
[BlackElo "2405"]
[PlyCount "74"]
[EventDate "2023.07.07"]
[EventType "swiss"]
[EventRounds "9"]
[EventCountry "SRB"]
[SourceTitle "EXT 2024"]
[Source "ChessBase"]
[SourceDate "2023.10.10"]
[SourceVersion "1"]
[SourceVersionDate "2023.10.10"]
[SourceQuality "1"]

1. e4 c5 2. Nf3 g6 3. c3 d5 4. exd5 Qxd5 5. Na3 Bg7 6. d4 cxd4 7. Nb5 Na6 8. Nbxd4 Nf6 9. Bb5+ Bd7 10. Qe2 0-0 11. 0-0 Bxb5 12. Nxb5 b6 13. Rd1 Qb7 14. Bf4 Nc5 15. Be5 a6 16. Na3 Rac8 17. c4 Rfe8 18. Rd4 Ne6 19. Rdd1 Bh6 20. g3 Ne4 21. h4 f6 22. Bd4 N6c5 23. Bxc5 Nxc5 24. b4 Ne4 25. Rd5 e6 26. Rd3 e5 27. Rad1 Rc7 28. Rd8 Rce7 29. Rxe8+ Rxe8 30. c5 bxc5 31. Qc4+ Kh8 32. bxc5 Nxc5 33. Nxe5 Bf8 34. Rb1 Qe7 35. Nf3 Ne4 36. Nc2 Qa7 37. Ncd4 Bc5 1/2-1/2

[Event "Nis Palilula"]
[Site "Nis"]
[Date "2022.05.29"]
[Round "4"]
[White "Maksimovic, Branimir"]
[Black "Nikolic, Zoran S"]
[Result "1-0"]
[WhiteElo "2247"]
[BlackElo "2102"]
[PlyCount "45"]
[EventDate "2022.05.27"]
[EventType "tourn"]
[EventRounds "7"]
[EventCountry "SRB"]
[SourceTitle "CBM 208 Extra"]
[Source "ChessBase"]
[SourceDate "2022.07.31"]
[SourceVersion "1"]
[SourceVersionDate "2022.07.31"]
[SourceQuality "1"]

1. e4 e5 2. Nf3 Nc6 3. Bc4 Bc5 4. c3 Nf6 5. d4 exd4 6. e5 d5 7. Bb5 Ne4 8. cxd4 Bb6 9. Nc3 0-0 10. 0-0 Bf5 11. Be3 Nxc3 12. bxc3 Na5 13. Bg5 f6 14. exf6 gxf6 15. Bh6 Rf7 16. Nh4 Bd7 17. Bd3 Nc4 18. Qh5 Be6 19. Rfe1 Qd7 20. Bf5 Bxf5 21. Nxf5 Ba5 22. Rac1 Kh8 23. Re2 1-0

[Event "SRB-ch sf"]
[Site "Paracin"]
[Date "2021.03.20"]
[Round "6"]
[White "Nikolic, Zoran S"]
[Black "Bjelanovic, Nemanja"]
[Result "1-0"]
[WhiteElo "2103"]
[BlackElo "1693"]
[PlyCount "69"]
[EventDate "2021.03.16"]
[EventType "swiss"]
[EventRounds "9"]
[EventCountry "SRB"]
[SourceTitle "CBM 201 Extra"]
[Source "ChessBase"]
[SourceDate "2021.05.31"]
[SourceVersion "1"]
[SourceVersionDate "2021.05.31"]
[SourceQuality "1"]

1. d4 Nf6 2. c4 g6 3. Nc3 d5 4. cxd5 Nxd5 5. e4 Nxc3 6. bxc3 Bg7 7. Bc4 0-0 8. Ne2 c5 9. 0-0 Nc6 10. Be3 Na5 11. Bd3 c4 12. Bc2 b5 13. Rb1 Rb8 14. Ng3 Nc6 15. f4 e6 16. f5 b4 17. d5 exd5 18. exd5 Ne5 19. cxb4 Nd7 20. a4 Nb6 21. Bf4 Rb7 22. d6 Bd7 23. a5 Nc8 24. Qd5 Rb5 25. Qd2 gxf5 26. Bg5 f6 27. Bf4 Be6 28. Rfe1 Rd5 29. Qc3 Bf7 30. Red1 Nxd6 31. Rxd5 Bxd5 32. Rd1 Ne4 33. Qd4 Qe7 34. Qxd5+ Kh8 35. Nxf5 1-0

[Event "Niska Banja op"]
[Site "Niska Banja"]
[Date "2020.02.15"]
[Round "4"]
[White "Ivic, Matija"]
[Black "Nikolic, Zoran S"]
[Result "0-1"]
[WhiteElo "2192"]
[BlackElo "2155"]
[PlyCount "108"]
[EventDate "2020.02.13"]
[EventType "swiss"]
[EventRounds "7"]
[EventCountry "SRB"]
[SourceTitle "CBM 195 Extra"]
[Source "ChessBase"]
[SourceDate "2020.05.31"]
[SourceVersion "1"]
[SourceVersionDate "2020.05.31"]
[SourceQuality "1"]

1. d4 Nf6 2. c4 e6 3. Nf3 d5 4. g3 Be7 5. Bg2 0-0 6. 0-0 dxc4 7. Qc2 a6 8. Qxc4 b5 9. Qc2 Bb7 10. Bd2 Nc6 11. e3 Nb4 12. Bxb4 Bxb4 13. a3 Bd6 14. Nbd2 Qe7 15. Rac1 Rab8 16. e4 e5 17. Rfe1 Nd7 18. Nb3 f6 19. Bh3 f5 20. dxe5 Bxe5 21. Nh4 fxe4 22. Bxd7 Qxd7 23. Nc5 Qd5 24. Nxb7 Rxb7 25. Ng2 Bd4 26. Nf4 Qf5 27. Rxe4 c5 28. b4 Rbf7 29. bxc5 Bxc5 30. Rce1 g5 31. Nd3 Bxf2+ 32. Nxf2 Qxf2+ 33. Qxf2 Rxf2 34. Rg4 h6 35. a4 Rb2 36. axb5 axb5 37. h4 Rf5 38. hxg5 hxg5 39. Re6 Rd5 40. Kf1 Kf7 41. Re2 Rxe2 42. Kxe2 Kf6 43. Ke3 Kf5 44. Rb4 Ke5 45. Kf3 Rc5 46. Re4+ Kd5 47. Rg4 Kc6 48. Ke3 Kb6 49. Kd3 Ka5 50. Rd4 b4 51. Kd2 Ka4 52. Rd8 Kb3 53. Rb8 Rc2+ 54. Kd1 Rg2 0-1

[Event "Niska Banja op"]
[Site "Niska Banja"]
[Date "2020.02.15"]
[Round "5"]
[White "Nikolic, Zoran S"]
[Black "Krstic, Andrija Marko"]
[Result "1/2-1/2"]
[WhiteElo "2155"]
[BlackElo "2124"]
[PlyCount "76"]
[EventDate "2020.02.13"]
[EventType "swiss"]
[EventRounds "7"]
[EventCountry "SRB"]
[SourceTitle "CBM 195 Extra"]
[Source "ChessBase"]
[SourceDate "2020.05.31"]
[SourceVersion "1"]
[SourceVersionDate "2020.05.31"]
[SourceQuality "1"]

1. d4 Nf6 2. Nf3 e6 3. c4 Bb4+ 4. Bd2 c5 5. Nc3 cxd4 6. Nxd4 0-0 7. Nc2 Be7 8. Bg5 Qc7 9. e3 a6 10. Be2 b6 11. Bf3 Bb7 12. Bxb7 Qxb7 13. 0-0 Rc8 14. Qd4 Nc6 15. Qd2 Ne5 16. b3 b5 17. f4 Ng6 18. Rab1 bxc4 19. bxc4 Qc6 20. Bxf6 Bxf6 21. Na3 Be7 22. Rb3 Bxa3 23. Rxa3 Qxc4 24. Qxd7 Qc5 25. Nb1 Rd8 26. Qa4 Nh4 27. Rc3 Qd5 28. e4 Qd4+ 29. Qxd4 Rxd4 30. g3 Ng6 31. e5 Rb8 32. Rc2 Rdb4 33. Nd2 Ne7 34. Rfc1 h6 35. Nb3 Nd5 36. Rc8+ Rxc8 37. Rxc8+ Kh7 38. Rc5 Rb5 1/2-1/2

[Event "Nis op"]
[Site "Nis"]
[Date "2019.07.01"]
[Round "6"]
[White "Nikolic, Zoran S"]
[Black "Zivic, Dragan"]
[Result "1/2-1/2"]
[WhiteElo "2177"]
[BlackElo "2188"]
[PlyCount "34"]
[EventDate "2019.06.25"]
[EventType "swiss"]
[EventRounds "9"]
[EventCountry "SRB"]
[SourceTitle "EXT 2020"]
[Source "ChessBase"]
[SourceDate "2019.10.17"]
[SourceVersion "1"]
[SourceVersionDate "2019.10.17"]
[SourceQuality "1"]

1. d4 Nf6 2. c4 e6 3. Nc3 d5 4. Bg5 Be7 5. e3 Nbd7 6. Nf3 h6 7. Bf4 0-0 8. Qb3 c6 9. Rc1 Qa5 10. Bd3 dxc4 11. Bxc4 Nd5 12. Bg3 Nxc3 13. bxc3 b5 14. Be2 Nf6 15. Ne5 Bb7 16. Bf3 Ba3 17. Rc2 Rac8 1/2-1/2

[Event "Nis op"]
[Site "Nis"]
[Date "2019.06.26"]
[Round "2"]
[White "Nikolic, Zoran S"]
[Black "Tosic, Miroslav"]
[Result "1/2-1/2"]
[WhiteElo "2177"]
[BlackElo "2330"]
[PlyCount "32"]
[EventDate "2019.06.25"]
[EventType "swiss"]
[EventRounds "9"]
[EventCountry "SRB"]
[SourceTitle "EXT 2020"]
[Source "ChessBase"]
[SourceDate "2019.10.17"]
[SourceVersion "1"]
[SourceVersionDate "2019.10.17"]
[SourceQuality "1"]

1. d4 g6 2. c4 Bg7 3. Nc3 d6 4. e4 Nf6 5. Be2 0-0 6. Be3 c5 7. dxc5 Qa5 8. cxd6 Nxe4 9. dxe7 Bxc3+ 10. bxc3 Qxc3+ 11. Bd2 Nxd2 12. exf8Q+ Kxf8 13. Qxd2 Qxa1+ 14. Qd1 Qc3+ 15. Qd2 Qa1+ 16. Qd1 Qc3+ 1/2-1/2

[Event "Serbia Central Cup"]
[Site "Kragujevac"]
[Date "2018.05.01"]
[Round "5"]
[White "Nikolic, Zoran S"]
[Black "Vlajkovic, Stanko"]
[Result "0-1"]
[WhiteElo "2142"]
[BlackElo "2200"]
[PlyCount "68"]
[EventDate "2018.04.29"]
[EventType "swiss"]
[EventRounds "6"]
[EventCountry "SRB"]
[SourceTitle "CBM 184 Extra"]
[Source "ChessBase"]
[SourceDate "2018.06.28"]
[SourceVersion "1"]
[SourceVersionDate "2018.06.28"]
[SourceQuality "1"]

1. d4 Nf6 2. Nf3 d5 3. c4 e6 4. Nc3 Be7 5. Bg5 h6 6. Bh4 0-0 7. e3 dxc4 8. Bxc4 b6 9. Qe2 Bb7 10. 0-0 Nbd7 11. Rfd1 Ne4 12. Bxe7 Qxe7 13. Nxe4 Bxe4 14. Nd2 Bg6 15. Bb5 Nf6 16. Bc6 Rad8 17. Qb5 Nd5 18. a3 a5 19. Rac1 Nf6 20. Qe5 Rd6 21. Rc3 Rfd8 22. h3 Nd7 23. Bxd7 R8xd7 24. Rdc1 Rd5 25. Qg3 e5 26. Nf3 exd4 27. exd4 c5 28. dxc5 bxc5 29. Qf4 Rb7 30. Re1 Qd8 31. Qc1 Qb6 32. b3 Qd6 33. Qe3 Bf5 34. Rec1 Re7 0-1

[Event "Serbia Central Cup"]
[Site "Kragujevac"]
[Date "2018.04.30"]
[Round "2"]
[White "Nikolic, Zoran S"]
[Black "Milosevic, Zoran"]
[Result "1/2-1/2"]
[WhiteElo "2142"]
[BlackElo "2208"]
[PlyCount "72"]
[EventDate "2018.04.29"]
[EventType "swiss"]
[EventRounds "6"]
[EventCountry "SRB"]
[SourceTitle "CBM 184 Extra"]
[Source "ChessBase"]
[SourceDate "2018.06.28"]
[SourceVersion "1"]
[SourceVersionDate "2018.06.28"]
[SourceQuality "1"]

1. d4 d5 2. Nf3 Nf6 3. c4 c6 4. Nc3 e6 5. e3 Nbd7 6. Bd3 Bd6 7. 0-0 0-0 8. e4 dxc4 9. Bxc4 e5 10. Bg5 h6 11. Bh4 a5 12. Bg3 Qc7 13. Rc1 Qb8 14. a4 exd4 15. Qxd4 Bxg3 16. hxg3 Re8 17. Rcd1 Qa7 18. Qxa7 Rxa7 19. Rfe1 Nc5 20. e5 Nfd7 21. Ne4 Nxe4 22. Rxe4 Nc5 23. Rf4 Be6 24. Bxe6 Nxe6 25. Rc4 Kf8 26. Nh4 g6 27. f4 Rd8 28. Rxd8+ Nxd8 29. f5 gxf5 30. Nxf5 Ra6 31. Rd4 Ke8 32. Nd6+ Ke7 33. Nc8+ Ke8 34. Nd6+ Ke7 35. Nc8+ Ke8 36. Nd6+ Ke7 1/2-1/2

[Event "SRB-chT3 South"]
[Site "Serbia"]
[Date "2017.10.12"]
[Round "6.2"]
[White "Blagojevic, Nebojsa"]
[Black "Nikolic, Zoran S"]
[Result "1/2-1/2"]
[WhiteElo "2181"]
[BlackElo "2151"]
[PlyCount "48"]
[EventDate "2017.09.03"]
[EventType "team-tourn"]
[EventRounds "11"]
[EventCountry "SRB"]
[SourceTitle "EXT 2022"]
[Source "ChessBase"]
[SourceDate "2021.10.06"]
[SourceVersion "1"]
[SourceVersionDate "2021.10.06"]
[SourceQuality "1"]

1. e4 e5 2. Nf3 Nc6 3. Bc4 Bc5 4. d3 Nf6 5. Bg5 d6 6. h3 0-0 7. c3 Bb6 8. Nbd2 Be6 9. Bb3 h6 10. Be3 d5 11. Bxb6 axb6 12. 0-0 dxe4 13. dxe4 Bxb3 14. axb3 Rxa1 15. Qxa1 Qd3 16. Qb1 Qb5 17. Qc2 Qc5 18. Nc4 Rd8 19. Ne3 Qe7 20. Rd1 Rxd1+ 21. Nxd1 Qe6 22. Ne3 Ne7 23. Qd3 Qd7 24. Qxd7 Nxd7 1/2-1/2

[Event "SRB Central-chT qual"]
[Site "Nis"]
[Date "2014.10.04"]
[Round "5"]
[White "Nikolic, Zoran S"]
[Black "Vucetic, Mirko"]
[Result "0-1"]
[WhiteElo "2214"]
[BlackElo "2021"]
[PlyCount "76"]
[EventDate "2014.10.02"]
[EventType "team-tourn"]
[EventRounds "7"]
[EventCountry "SRB"]
[SourceTitle "CBM 163 Extra"]
[Source "ChessBase"]
[SourceDate "2014.12.23"]
[SourceVersion "1"]
[SourceVersionDate "2014.12.23"]
[SourceQuality "1"]

1. e4 c6 2. d4 d5 3. Nc3 dxe4 4. Nxe4 Bf5 5. Ng3 Bg6 6. Nf3 Nd7 7. h4 h6 8. h5 Bh7 9. Bd3 Bxd3 10. Qxd3 e6 11. Bd2 Ngf6 12. 0-0-0 Bd6 13. Ne4 Nxe4 14. Qxe4 Nf6 15. Qe2 Qc7 16. g3 0-0-0 17. c4 c5 18. Bc3 Qe7 19. Ne5 Rhg8 20. Qf3 Bxe5 21. dxe5 Nd7 22. Qg4 Qg5+ 23. Qxg5 hxg5 24. h6 gxh6 25. Rxh6 Rg7 26. g4 Rdg8 27. Kc2 Rd8 28. b3 b6 29. Rd3 Nf8 30. Rh8 Nd7 31. Rh5 Rdg8 32. a3 Kc7 33. Kd2 Nf8 34. Ke3 Nd7 35. Ke4 Kd8 36. Rdh3 Rg6 37. Rh6 Nf8 38. Rxg6 Rxg6 0-1

[Event "MNT-chTA"]
[Site "Cetinje"]
[Date "2012.09.09"]
[Round "3"]
[White "Draskovic, Luka"]
[Black "Nikolic, Zoran S"]
[Result "1-0"]
[WhiteElo "2330"]
[BlackElo "2169"]
[PlyCount "78"]
[EventDate "2012.09.07"]
[EventType "team-tourn"]
[EventRounds "9"]
[EventCountry "MNE"]
[SourceTitle "CBM 150 Extra"]
[Source "ChessBase"]
[SourceDate "2012.10.19"]
[SourceVersion "1"]
[SourceVersionDate "2012.10.19"]
[SourceQuality "1"]

1. e4 d6 2. d4 Nf6 3. Nc3 Nbd7 4. g4 g6 5. h3 e5 6. d5 Nc5 7. Bg2 Bg7 8. Nge2 c6 9. Bg5 h6 10. Be3 Qc7 11. Qd2 Bd7 12. 0-0 cxd5 13. exd5 g5 14. Ng3 0-0-0 15. b4 Na6 16. Nce4 Kb8 17. Nxf6 Bxf6 18. Rfc1 e4 19. Bd4 Bxd4 20. Qxd4 f5 21. gxf5 h5 22. Nxe4 Bxf5 23. Nxg5 h4 24. c3 Qe7 25. f4 Qd7 26. Re1 Rhg8 27. Re3 Qa4 28. Kh2 Qc2 29. a4 Rc8 30. Rae1 Qb2 31. Qf6 Qc2 32. R1e2 Qb1 33. Qxd6+ Nc7 34. Qf6 Bd3 35. Re1 Qc2 36. Qd4 Bf5 37. d6 Ne6 38. Qd5 Nd8 39. R1e2 Qb1 1-0